| 000 | 00358nam a2200145Ia 4500 | ||
|---|---|---|---|
| 008 | 230312s9999||||xx |||||||||||||| ||und|| | ||
| 020 | _a81-265-5973-2 | ||
| 082 |
_a621.815 _bJUV-M |
||
| 100 | _aJuvinall;Robert.C | ||
| 245 | 0 | _aMachine Component Design | |
| 260 |
_bWiley _aIndia _c2016 |
||
| 300 | _a890 | ||
| 650 |
_aEngineering _vMechanical |
||
| 942 | _cBK | ||
| 999 |
_c11577 _d11577 |
||